[Event "118th SUI-ch 2018"]
[Site "Lenzerheide"]
[Date "2018.07.18"]
[Round "7"]
[White "Kurmann, Oliver"]
[Black "Gaehwiler, Gabriel"]
[Result "0-1"]
[WhiteElo "2451"]
[BlackElo "2419"]
[Annotator "RC"]
[PlyCount "54"]
[EventDate "2018.07.12"]
[EventType "tourn"]
[EventCountry "SUI"]
[SourceTitle "playchess.com"]
[Source "ChessBase"]
[SourceQuality "1"]
[TimeControl "40/5400+30:1800+30"]

1. e4 {[%emt 0:00:00]} c5 {[%emt 0:00:00]} 2. Nf3 {[%emt 0:00:00]} d6 {[%emt 0:00:00]} 3. d4 {[%emt 0:00:00]} cxd4 {[%emt 0:00:00]} 4. Nxd4 {[%emt 0:00:00]} Nf6 {[%emt 0:00:00]} 5. Nc3 {[%emt 0:00:08]} a6 {[%emt 0:00:00]} 6. Be2 {[%emt 0:00:16]} e5 {[%emt 0:00:32]} 7. Nb3 {[%emt 0:00:10]} Be7 {[%emt 0:01:16]} 8. Be3 {[%emt 0:00:13]} Be6 {[%emt 0:12:49]} 9. Nd5 {[%emt 0:00:17]} Nbd7 {[%emt 0:07:33]} 10. Qd3 {[%emt 0:00:45]} Bxd5 {[%emt 0:13:07]} 11. exd5 {[%emt 0:00:03]} Nc5 {[%emt 0:12:52]} 12. Nxc5 {[%emt 0:01:31]} dxc5 {[%emt 0:03:25]} 13. c4 {[%emt 0:00:04]} O-O {[%emt 0:06:17]} 14. a4 {[%emt 0:20:03]} Ne8 {[%emt 0:07:05]} 15. g4 {[%emt 0:04:35]} Rc8 {[%emt 0:08:45]} 16. h4 {[%emt 0:01:55]} f5 {[%emt 0:11:55]} 17. gxf5 {[%emt 0:16:10]} Nd6 {[%emt 0:03:30]} 18. f6 {[%emt 0:07:24]} Bxf6 {[%emt 0:02:15]} 19. Bg4 {[%emt 0:00:03]} e4 {[%emt 0:00:20]} 20. Qc2 {[%emt 0:00:11]} Rc7 {[%emt 0:01:01]} 21. a5 {[%emt 0:00:56]} Bd4 {[%emt 0:04:22]} 22. Ra3 {[%emt 0:11:01]} Kh8 {[%emt 0:00:38]} 23. Be6 {[%emt 0:16:06]} Qf6 {[%emt 0:00:31]} 24. Rh2 {[%emt 0:01:31]} Bxb2 {[%emt 0:00:32]} 25. Bg5 {[%emt 0:02:08]} Qe5 {[%emt 0:00:45]} 26. Rb3 {[%emt 0:02:07]} Qxh2 {[%emt 0:00:23]} 27. Rxb2 {[%emt 0:00:02]} Qg1+ {[%emt 0:00:11]} 0-1

[Event "118th SUI-ch 2018"]
[Site "Lenzerheide"]
[Date "2018.07.18"]
[Round "7"]
[White "Jenni, Florian"]
[Black "Gallagher, Joseph G"]
[Result "1/2-1/2"]
[WhiteElo "2447"]
[BlackElo "2434"]
[Annotator "TA"]
[PlyCount "84"]
[EventDate "2018.07.12"]
[EventType "tourn"]
[EventCountry "SUI"]
[SourceTitle "playchess.com"]
[Source "ChessBase"]
[SourceQuality "1"]

{[%evp 12,84,41,30,43,13,14,0,-10,-7,7,0,33,0,14,8,8,13,22,25,59,52,62,60,75,85,86,41,45,12,21,8,63,-14,-15,-18,-18,-20,-24,-27,0,0,3,0,6,0,0,0,0,0,0,0,0,-23,-9,-8,0,-8,0,-3,-3,-3,0,0,0,0,0,0,0,0,0,0,0,0,0]} 1. d4 Nf6 2. g3 c5 3. d5 g6 4. Bg2 Bg7 5. e4 d6 6. Nc3 O-O 7. Nge2 {LiveBook: 27 Games} Qa5 {A43: Schmid Benoni} (7... Na6 8. O-O Nc7 9. a4 b6 10. h3 Rb8 11. g4 a6 12. Rb1 b5 13. axb5 axb5 14. b4 Nd7 15. Be3 cxb4 16. Rxb4 {1-0 (31) Najer,E (2663)-Kokarev,D (2635) Sochi 2015}) 8. Bf4 b5 $146 ({Predecessor:} 8... Nbd7 9. O-O Nh5 10. Bd2 Qd8 11. g4 Nhf6 12. Ng3 Ne5 13. g5 {½-½ (13) Stroot,H (1363)-Van der Kolk,J (1456) Germany 2006}) 9. Qd2 b4 10. Nd1 Ng4 11. O-O Qb5 12. Re1 a5 13. f3 Ne5 14. Bh6 Nc4 15. Qc1 e6 16. Bxg7 Kxg7 17. b3 Nb6 18. dxe6 fxe6 19. Ne3 c4 20. c3 Qc5 21. Kh1 Nc6 (21... e5 $11) 22. cxb4 (22. f4 $14) 22... axb4 $11 23. Nxc4 Nxc4 24. Qxc4 Qxc4 25. bxc4 Ne5 26. Nd4 Nxc4 27. Nc2 Bd7 28. Nxb4 Rfb8 29. Reb1 Ra4 30. Nc2 Rxb1+ 31. Rxb1 Rxa2 32. Rc1 Ne5 {[#] Hoping for ...Nd3.} 33. Kg1 {The position is equal.} Kf6 34. Ne3 Ra3 (34... Ke7 {with more complications.} 35. f4 Nd3 36. Rd1 Nc5 37. Nc4 Ba4) 35. Nc4 Nxc4 36. Rxc4 {[%mdl 4096] Endgame KRB-KRB} Ra1+ 37. Kf2 Ra2+ 38. Kg1 d5 39. Rc7 Ra1+ 40. Kf2 Ra2+ 41. Kg1 Ra1+ 42. Kf2 Ra2+ {Precision: White = 56%, Black = 49%.} 1/2-1/2

[Event "118th SUI-ch 2018"]
[Site "Lenzerheide"]
[Date "2018.07.18"]
[Round "7"]
[White "Ekstroem, Roland"]
[Black "Georgiadis, Nico"]
[Result "1/2-1/2"]
[WhiteElo "2381"]
[BlackElo "2526"]
[Annotator "TA"]
[PlyCount "128"]
[EventDate "2018.07.12"]
[EventType "tourn"]
[EventCountry "SUI"]
[SourceTitle "playchess.com"]
[Source "ChessBase"]
[SourceQuality "1"]

{[%evp 20,128,56,43,58,43,65,62,64,69,62,35,65,65,56,67,77,68,84,62,68,58,70,66,64,65,77,75,75,67,82,78,70,72,116,95,119,118,113,100,86,83,118,111,158,94,86,66,68,62,76,20,22,16,55,59,57,33,137,141,181,187,171,164,206,180,205,206,180,112,103,104,111,119,108,124,116,94,88,17,22,22,22,10,16,16,14,12,15,14,21,10,24,0,0,0,0,0,0,0,0,0,0,0,0,0,0,0,0,0,0]} 1. e4 c5 2. Nf3 d6 3. Bb5+ Nd7 4. d4 cxd4 5. Qxd4 a6 6. Bxd7+ Bxd7 7. c4 {B51: Sicilian: Moscow Variation (3 Bb5+) without 3...Bd7} (7. Nc3 e5 8. Qd3 h6 9. Nd2 Rc8 10. Nc4 Be6 11. Ne3 Nf6 12. Bd2 Be7 13. a4 O-O 14. O-O Qd7 15. a5 Rfd8 {½-½ (58) Duda,J (2737)-Nepomniachtchi,I (2757) Dortmund 2018}) 7... Rc8 8. Nc3 e5 9. Qd3 h6 10. O-O Nf6 11. b3 {LiveBook: 7 Games} Be7 12. a4 Be6 13. Ba3 Nd7 14. Rfd1 Nc5 15. Qc2 $146 (15. Bxc5 $5 Rxc5 16. Qe3 $11) ({Predecessor:} 15. Bxc5 Rxc5 {1-0 (43) Praneeth,S (2413)-Harsha,B (2344) Noida 2016}) 15... Qc7 16. Nd5 Bxd5 17. Rxd5 b6 18. Rad1 Qb7 19. Nd2 O-O 20. Nf1 g6 21. Ne3 Rfd8 22. g3 h5 23. h4 Bf8 24. a5 Ne6 25. axb6 Qxb6 26. R5d3 Nd4 27. Qa2 Rb8 28. Nd5 Qb7 29. Bb4 Rdc8 30. Kg2 Qc6 31. Bd2 Ne6 32. Be3 (32. Bh6 $142 Kh8 33. Qd2) 32... Rb7 33. Kg1 Rcb8 34. Ra1 Kh7 35. Qa3 (35. Qc2 $16) 35... a5 $11 36. Rad1 Kg7 37. Qa2 $36 {[%mdl 2048] White fights for an advantage.} Kh8 38. Qc2 Bg7 (38... Kh7 $14) 39. Ra1 $16 Nc5 40. Bxc5 $1 Qxc5 41. Ra4 f5 42. Rf3 Qd4 43. exf5 {[#] And now f6 would win.} e4 44. Rf4 (44. Re3 $18 gxf5 45. Qe2 (45. Rxa5 Bh6 $16)) 44... Qd3 45. Ne3 Be5 46. Rxe4 Qxc2 47. Nxc2 gxf5 48. Re3 {Hoping for Rf3.} Rxb3 49. Rxb3 (49. Rxa5 $16 {aiming for Rxb3.} Rb1+ 50. Kg2) 49... Rxb3 $11 50. Rxa5 $16 {[%mdl 4096] Endgame Threatens to win with c5. KRB-KRN} Rc3 $1 {[%cal Rc3c2]} 51. Ne3 f4 52. gxf4 Bxf4 53. Rxh5+ Kg7 54. Nd5 Rxc4 55. Rf5 ({Don't do} 55. Nxf4 Rxf4 56. Kg2 Rd4 $16) 55... Be5 56. h5 Rh4 {The position is equal.} 57. Ne7 Kh6 58. Ng8+ Kh7 59. Rg5 Rf4 60. Kg2 Rf8 61. Ne7 Kh6 (61... Bf6 $5 62. Ng6 $8 Bxg5 63. Nxf8+ Kh6 $11) 62. Rf5 Rxf5 63. Nxf5+ Kxh5 {[#]} 64. Nxd6 $1 {[%mdl 512]} Bxd6 {Precision: White = 67%, Black = 54%.} 1/2-1/2

[Event "118th SUI-ch 2018"]
[Site "Lenzerheide"]
[Date "2018.07.19"]
[Round "8"]
[White "Bogner, Sebastian"]
[Black "Pelletier, Yannick"]
[Result "1-0"]
[WhiteElo "2605"]
[BlackElo "2551"]
[Annotator "TA"]
[PlyCount "77"]
[EventDate "2018.07.12"]
[EventType "tourn"]
[EventCountry "SUI"]
[SourceTitle "playchess.com"]
[Source "ChessBase"]
[SourceQuality "1"]

{[%evp 24,77,35,29,36,29,35,25,33,32,32,23,35,25,35,29,46,56,52,52,58,58,72,60,66,73,55,34,39,33,35,31,31,31,35,32,37,29,31,31,31,31,31,20,53,14,20,37,30,27,30,27,138,136,12845,12845]} 1. e4 c6 2. d4 d5 3. Nd2 dxe4 4. Nxe4 Bf5 5. Ng3 Bg6 6. Nf3 Nd7 7. Bc4 e6 8. O-O Ngf6 9. Re1 Qc7 {B18: Classical Caro-Kann: 4...Bf5 sidelines} 10. Nh4 Be7 11. c3 Nd5 12. Nxg6 hxg6 13. Qf3 {[#] LiveBook: 4 Games} Rd8 $146 ({Predecessor:} 13... N7f6 14. h3 O-O-O 15. Ne4 Nxe4 16. Rxe4 Bd6 17. Bd2 Rh5 {0-1 (119) Vokarev,S (2443)-Riazantsev,A (2666) Sochi 2017}) 14. h3 N7f6 15. Bf1 b5 16. a4 a6 17. Bd2 O-O 18. h4 Bd6 19. Bg5 e5 20. dxe5 Bxe5 21. Ne4 Nxe4 22. Rxe4 f6 23. Bc1 Rfe8 $1 24. axb5 axb5 25. Re2 Bh2+ 26. Kh1 {[#] Threatens to win with g3.} Rxe2 27. Bxe2 {And now g3 would win.} Bf4 28. g3 {[%cal Rc1f4]} Bxc1 29. Rxc1 Ne7 30. Rd1 (30. Qe3 {is more complex.} Kf7 31. Rd1 Rd6 32. Qc5 Rd7 33. Qb4) 30... Rxd1+ 31. Bxd1 Qe5 32. Bb3+ Kh7 33. Kg2 c5 34. Bc2 b4 35. cxb4 cxb4 36. h5 Kh6 37. hxg6 Qd4 (37... f5 $11 {keeps the balance.}) 38. Be4 $16 {[#] White threatens Qf4+ and mate.} Nxg6 $2 {[%mdl 8192]} (38... Qc5 $16) 39. Qf5 {Precision: White = 72%, Black = 47%.} 1-0

[Event "118th SUI-ch 2018"]
[Site "Lenzerheide"]
[Date "2018.07.19"]
[Round "8"]
[White "Studer, Noel"]
[Black "Kurmann, Oliver"]
[Result "1-0"]
[WhiteElo "2484"]
[BlackElo "2451"]
[Annotator "ChessBase"]
[PlyCount "49"]
[EventDate "2018.07.12"]
[EventType "tourn"]
[EventCountry "SUI"]
[SourceTitle "playchess.com"]
[Source "ChessBase"]
[SourceQuality "1"]
[TimeControl "40/5400+30:1800+30"]

1. d4 {[%emt 0:00:00]} Nf6 {[%emt 0:00:00]} 2. c4 {[%emt 0:00:00]} e6 {[%emt 0:00:00]} 3. Nf3 {[%emt 0:00:00]} b6 {[%emt 0:00:00]} 4. g3 {[%emt 0:00:00]} Bb7 {[%emt 0:00:00]} 5. Bg2 {[%emt 0:00:00]} Be7 {[%emt 0:00:11]} 6. O-O {[%emt 0:00:00]} O-O {[%emt 0:00:10]} 7. Re1 {[%emt 0:00:03]} d5 {[%emt 0:00:39]} 8. cxd5 {[%emt 0:00:04]} exd5 {[%emt 0:00:11]} 9. Nc3 {[%emt 0:00:03]} Nbd7 {[%emt 0:00:38]} 10. Bf4 {[%emt 0:00:15]} c5 {[%emt 0:00:14]} 11. Rc1 {[%emt 0:00:04]} Ne4 {[%emt 0:00:55]} 12. Nxe4 {[%emt 0:00:02]} dxe4 {[%emt 0:00:16]} 13. Nd2 {[%emt 0:00:05]} f5 {[%emt 0:01:22]} 14. b4 {[%emt 0:00:39]} cxd4 {[%emt 1:03:48]} 15. Qb3+ {[%emt 0:00:19]} Rf7 {[%emt 0:00:11]} 16. Rc7 {[%emt 0:00:24]} g5 {[%emt 0:00:32]} 17. Rxb7 {[%emt 0:13:26]} gxf4 {[%emt 0:00:02]} 18. Nxe4 {[%emt 0:00:19]} fxe4 {[%emt 0:02:23]} 19. Bxe4 {[%emt 0:00:06]} Rb8 {[%emt 0:04:15]} 20. Rxb8 {[%emt 0:06:55]} Qxb8 {[%emt 0:00:02]} 21. Bd5 {[%emt 0:00:06]} Ne5 {[%emt 0:05:42]} 22. Rd1 {[%emt 0:26:36]} Bf6 {[%emt 0:08:41]} 23. Rxd4 {[%emt 0:04:04]} Nf3+ {[%emt 0:01:04]} 24. Qxf3 {[%emt 0:00:14]} Bxd4 {[%emt 0:00:02]} 25. Bxf7+ {[%emt 0:00:05]} 1-0

[Event "118th SUI-ch 2018"]
[Site "Lenzerheide"]
[Date "2018.07.19"]
[Round "8"]
[White "Gallagher, Joseph G"]
[Black "Ekstroem, Roland"]
[Result "0-1"]
[WhiteElo "2434"]
[BlackElo "2381"]
[Annotator "NA"]
[PlyCount "86"]
[EventDate "2018.07.12"]
[EventType "tourn"]
[EventCountry "SUI"]
[SourceTitle "playchess.com"]
[Source "ChessBase"]
[SourceQuality "1"]
[TimeControl "40/5400+30:1800+30"]

1. e4 {[%emt 0:00:00]} c5 {[%emt 0:00:00]} 2. Nf3 {[%emt 0:00:00]} g6 {[%emt 0:00:00]} 3. d4 {[%emt 0:00:52]} cxd4 {[%emt 0:00:04]} 4. Qxd4 {[%emt 0:01:06]} Nf6 {[%emt 0:00:09]} 5. e5 {[%emt 0:00:08]} Nc6 {[%emt 0:00:12]} 6. Qa4 {[%emt 0:00:03]} Nd5 {[%emt 0:00:08]} 7. Qe4 {[%emt 0:00:03]} Nb6 {[%emt 0:00:34] B27: Sicilian: 2 Nf3, unusual Black 2nd moves} 8. Nc3 {[%emt 0:00:48]} d5 {[%emt 0:00:21]} (8... Bg7 9. Bf4 d5 10. exd6 Bf5 11. Qe2 O-O 12. O-O-O exd6 13. Rxd6 Qc8 14. Qb5 Re8 15. h4 {½-½ (30) Saric,I (2666)-Hou,Y (2673) Wijk aan Zee 2015 CBM 165 [CB]}) 9. exd6 {[%emt 0:00:58]} Bf5 {[%emt 0:00:35]} 10. Qh4 {[%emt 0:05:58]} Qxd6 {[%emt 0:05:01]} 11. Nb5 {[%emt 0:00:09]} Qb4+ {[%emt 0:24:47]} 12. c3 {[%emt 0:27:27]} Qxh4 {[%emt 0:01:43]} 13. Nxh4 {[%emt 0:00:02]} O-O-O {[%emt 0:00:54]} 14. Nxf5 {[%emt 0:00:04]} gxf5 {[%emt 0:00:10]} 15. Be3 $146 {[%emt 0:05:28]} ({Predecessor:} 15. Be2) 15... Nd5 {[%emt 0:15:09]} 16. Bxa7 {[%emt 0:15:00]} b6 $1 {[%emt 0:00:57]} 17. c4 {[%emt 0:06:37]} Ndb4 {[%emt 0:02:33]} 18. Bxb6 {[%emt 0:01:37]} Nc2+ {[%emt 0:00:35]} 19. Ke2 {[%emt 0:00:05]} Nxa1 {[%emt 0:00:16]} 20. g3 {[%emt 0:12:23]} Bh6 {[%emt 0:10:25]} 21. Bxd8 {[%emt 0:04:41]} Rxd8 {[%emt 0:00:13]} 22. f4 {[%emt 0:02:36]} Nc2 {[%emt 0:01:25]} 23. Bg2 {[%emt 0:00:15]} N6d4+ {[%emt 0:01:06]} 24. Nxd4 {[%emt 0:02:44]} Nxd4+ {[%emt 0:00:17]} 25. Kf2 {[%emt 0:00:37]} Nc2 {[%emt 0:01:53]} 26. Ke2 {[%emt 0:01:14]} Bg7 {[%emt 0:01:11]} 27. Rb1 {[%emt 0:06:51]} Kc7 {[%emt 0:06:37]} 28. a4 {[%emt 0:03:40]} Nd4+ {[%emt 0:03:10]} 29. Ke1 {[%emt 0:00:27]} Nb3 $19 {[%emt 0:01:22]} 30. Rd1 {[%emt 0:00:55]} Bxb2 {[%emt 0:01:23]} 31. Rxd8 {[%emt 0:02:08]} Kxd8 {[%emt 0:00:05]} 32. Kd1 {[%emt 0:00:24]} Na5 {[%emt 0:02:44]} 33. Kc2 {[%emt 0:00:35]} Nxc4 {[%emt 0:03:22]} 34. Kb3 {[%emt 0:00:21]} Ne3 {[%emt 0:00:15]} 35. Kxb2 {[%emt 0:00:39]} Nxg2 {[%emt 0:00:06]} 36. Kc3 {[%emt 0:00:05]} Ne3 {[%emt 0:01:45]} 37. Kd4 {[%emt 0:00:18]} Nf1 {[%emt 0:01:45]} 38. Ke5 {[%emt 0:00:37]} Nxh2 {[%emt 0:02:16]} 39. Kxf5 {[%emt 0:00:05]} h6 {[%emt 0:01:28]} 40. a5 {[%emt 0:01:18]} Kc7 {[%emt 0:01:14]} 41. g4 {[%emt 0:03:25]} e6+ {[%emt 0:02:16]} 42. Kf6 {[%emt 0:00:14]} Nxg4+ {[%emt 0:00:20]} 43. Kxf7 {[%emt 0:00:03]} h5 {[%emt 0:00:19]} 0-1

[Event "118th SUI-ch 2018"]
[Site "Lenzerheide"]
[Date "2018.07.19"]
[Round "8"]
[White "Gaehwiler, Gabriel"]
[Black "Jenni, Florian"]
[Result "1/2-1/2"]
[WhiteElo "2419"]
[BlackElo "2447"]
[Annotator "TA"]
[PlyCount "166"]
[EventDate "2018.07.12"]
[EventType "tourn"]
[EventCountry "SUI"]
[SourceTitle "playchess.com"]
[Source "ChessBase"]
[SourceQuality "1"]

{[%evp 20,166,69,54,53,-15,-15,-22,0,-35,-26,-22,-12,-41,-34,-39,-14,-36,-14,-9,35,27,31,24,12,32,21,0,0,0,0,0,0,-13,0,-36,-37,-75,-78,-74,-75,-126,-112,-133,-118,-112,-93,-94,-94,-99,-94,-91,-76,-105,-76,-74,-76,-76,-54,-57,-57,-70,-54,-64,-50,-50,-50,-50,-50,-50,-58,-58,-40,-58,-43,-44,-44,-44,-40,-40,-18,-40,10,-27,-27,-31,-18,-18,0,-48,-48,-48,-33,-33,-33,-33,-33,-33,-33,-33,-33,-44,-33,-33,-33,-33,-33,-33,-33,-33,-33,-44,0,-33,0,-33,-33,-33,-33,-33,-33,-44,-33,-33,-33,-33,-22,-22,-22,-22,-22,-22,0,0,0,0,0,0,0,0,0,0,0,0,0,0,0,0,0]} 1. d4 Nf6 2. c4 e6 3. Nf3 c5 4. d5 exd5 5. cxd5 d6 6. Nc3 g6 7. Qa4+ {A61: Benoni} (7. Bf4 Bg7 8. e3 O-O 9. h3 Qe7 10. Nd2 Nh5 11. Bh2 f5 12. Be2 f4 13. O-O fxe3 14. Nde4 exf2+ 15. Kh1 Bxc3 16. Nxc3 {0-1 (49) Xiong,J (2665)-Caruana,F (2804) Saint Louis 2018}) 7... Bd7 8. Qb3 b5 9. Nxb5 Bxb5 10. Qxb5+ Nbd7 11. g3 {LiveBook: 5 Partien} Bg7 12. Bh3 (12. Bg2 $14) 12... O-O $11 {[%cal Bh8f8,Bf8e8,Be8e4][%mdl 32]} 13. O-O Rb8 14. Qc6 $146 ({Vorgänger:} 14. Qd3 Re8 {1-0 (44) Kekki,P (2355)-Niemi,K (2283) Finland 2007}) 14... Nb6 15. Bg5 Re8 16. Rfe1 h6 17. Bxf6 Bxf6 18. Rab1 Re4 19. b3 Bc3 20. Rec1 Bb4 21. Qb5 Nxd5 22. Qd3 Nf6 {[%cal Bd5f6,Bf6e4,Be4c3][%mdl 32]} 23. e3 d5 {[%cal Bd6d5,Bd5d4][%mdl 32]} 24. Bg2 Re6 25. Ne1 Ne4 26. Nc2 Nc3 27. Ra1 {[#] Schwarz muss nun a3 beachten.} Ba5 28. Ne1 d4 {zielt auf ...dxe3 ab.} 29. e4 Qe7 $36 {[%cal Rc3e4][%mdl 2048] Schwarz bestimmt, wo es lang geht.} 30. Bf3 ({Günstiger ist} 30. Qc4) 30... Nxe4 31. Ng2 Nc3 32. Nf4 Rf6 33. Nd5 Nxd5 34. Bxd5 Bc3 35. Rab1 Re8 36. Bf3 Re6 37. Bd5 Rd6 38. Bc4 Qf6 39. Rc2 Kg7 40. Rd1 Rdd8 41. Re2 h5 42. h4 Rxe2 43. Qxe2 Rd7 44. Kg2 Re7 45. Qf3 Qd6 46. Qa8 Qc7 47. Rc1 Qd7 48. Qf3 Qg4 49. Rc2 Rd7 50. Bd3 a5 51. Re2 (51. Qc6 {is interesting.} Qe6 52. Qxc5 Rd5 53. Qc4 Qd6 54. Qc8) 51... Qxf3+ 52. Kxf3 {[%mdl 4096] Endspiel KTL-KTL} Kf6 53. Re8 {[#]} a4 $1 {[%mdl 512]} 54. Ra8 (54. bxa4 Ra7) 54... axb3 55. axb3 Re7 56. Rc8 Bb4 57. Rc6+ Kg7 58. Bc4 Ra7 59. Rd6 Kf8 60. Ra6 Rd7 {Und ...d3 würde nun gewinnen.} 61. Ke2 Re7+ 62. Kf3 Be1 63. Rc6 Ra7 64. Ke2 Bb4 65. Ra6 Re7+ 66. Kf3 Kg7 67. Rd6 Be1 68. Kg2 Ra7 {Droht stark ...Ta2.} 69. Kf1 Bd2 70. Ra6 Re7 71. Rc6 Bb4 72. Kg2 f6 73. Rc8 {Die Stellung ist ausgeglichen.} Rd7 {Und weiter mit ...d3 wäre nett.} 74. Bd3 Ra7 75. Rc6 Ra2 76. Rc7+ Kh6 77. Rc6 Kg7 78. Rc7+ Kh6 79. Rc6 Rd2 80. Be4 Kg7 81. Rc7+ Kh6 82. Rc6 Kg7 83. Rc7+ Kh6 {Precision: Weiß = 65%, Schwarz = 58%.} 1/2-1/2

[Event "118th SUI-ch 2018"]
[Site "Lenzerheide"]
[Date "2018.07.19"]
[Round "8"]
[White "Baenziger, Fabian"]
[Black "Georgiadis, Nico"]
[Result "0-1"]
[WhiteElo "2382"]
[BlackElo "2526"]
[Annotator "TA"]
[PlyCount "72"]
[EventDate "2018.07.12"]
[EventType "tourn"]
[EventCountry "SUI"]
[SourceTitle "playchess.com"]
[Source "ChessBase"]
[SourceQuality "1"]

{[%evp 9,72,-10,-9,-61,-68,-77,-68,-79,-65,-89,5,0,16,0,14,-1,-8,-12,-5,-10,-8,-68,-62,-43,-75,-135,-136,-79,-63,-69,-68,-64,-59,-68,-44,-106,-105,-112,-106,-104,-74,-104,-111,-278,-276,-325,-314,-430,-429,-433,-409,-458,-448,-451,-433,-454,-446,-887,-885,-867,-859,-860,-814,-805,-797]} 1. d4 Nf6 2. c4 c5 3. Nf3 cxd4 4. Nxd4 e5 5. Nc2 d5 {LiveBook: 110 Games} 6. Bg5 {A31: Symmetrical English: 2 Nf3 Nf6 3 d4} (6. cxd5 $11 Qxd5 7. Qxd5 Nxd5 8. e4) (6. cxd5 Qxd5 7. Qxd5 Nxd5 8. e4 Nb4 9. Nxb4 Bxb4+ 10. Bd2 Bxd2+ 11. Nxd2 Ke7 12. Bc4 Nc6 13. Rc1 Rd8 14. Nf3 Bg4 15. Bd5 Bxf3 16. gxf3 Nd4 17. Kd2 Ne6 18. Ke3 {0-1 (45) Ftacnik,L (2548)-Salem,A (2628) Baku 2016}) 6... d4 $1 $15 ({Reject} 6... dxc4 7. Qxd8+ Kxd8 8. Nc3 $11) 7. e3 {[%cal Re3d4]} Nc6 8. exd4 {Black is slightly better.} exd4 9. Bd3 {[#]} Be7 (9... Qa5+ $1 $17 10. Qd2 Qe5+ 11. Qe2 Be7 12. Bxf6 Bxf6) 10. O-O $11 O-O 11. Re1 $146 ({Predecessor:} 11. h3 Be6 12. Re1 Qa5 13. Qd2 Qb6 {1-0 (50) Jansson,J (2261)-Haugli,P (2321) Oslo 2007}) 11... Re8 12. Nd2 Bg4 $36 {[%mdl 2048] Black has good play.} 13. Qc1 Nd7 {[%cal Bf6d7,Bd7e5,Be5d3][%mdl 32]} 14. Bxe7 Rxe7 15. Ne4 (15. Nb3 $11) 15... Nde5 16. Qd2 a5 17. f4 (17. a3 $142) 17... Nxd3 $17 18. Qxd3 Qd7 {And now ...Bf5 would win.} 19. Nf2 Rxe1+ 20. Rxe1 Bf5 21. Qd2 Rd8 22. a3 (22. Rd1 $15) 22... Qd6 23. Rc1 h5 24. Ne1 d3 25. c5 Qd5 26. Rc3 $2 (26. Rd1 $17) 26... Nd4 $19 27. Rxd3 Bxd3 ({Not} 27... Qxc5 28. Rc3 $17) 28. Nfxd3 Re8 29. Qxa5 Re2 30. Qc7 Qe4 {Black is clearly winning.} 31. Qb8+ Kh7 32. Qe5 {[#]} Rxg2+ $1 {[%mdl 512]} 33. Nxg2 (33. Kh1 $142 Qxe5 34. fxe5) 33... Nf3+ ({Stronger than} 33... Qxd3 34. Ne1 $11) 34. Kf2 Nxe5 35. Nxe5 Qd4+ 36. Kg3 Qxb2 {Precision: White = 34%, Black = 78%.} 0-1

[Event "118th SUI-ch 2018"]
[Site "Lenzerheide"]
[Date "2018.07.20"]
[Round "9"]
[White "Pelletier, Yannick"]
[Black "Baenziger, Fabian"]
[Result "0-1"]
[WhiteElo "2551"]
[BlackElo "2382"]
[Annotator "TA"]
[PlyCount "136"]
[EventDate "2018.07.12"]
[EventType "tourn"]
[EventCountry "SUI"]
[SourceTitle "playchess.com"]
[Source "ChessBase"]
[SourceQuality "1"]

{[%evp 29,136,17,20,18,20,25,26,18,27,19,17,8,14,9,31,0,31,31,31,31,49,23,35,35,35,0,0,0,35,0,0,0,35,39,29,0,0,0,0,-58,-59,-68,0,0,0,-96,-96,-96,-96,-96,-98,-172,-168,-185,-186,-186,-171,-168,-152,-157,-130,-267,-264,-267,-267,-510,-507,-496,-492,-512,-511,-569,-557,-742,-738,-1169,-1026,-880,-759,-2003,-1532,-5046,-4586,-2108,-1937,-2678,-2400,-1800,-2358,-1964,-1834,-2181,-2132,-29967,-29968,-29973,-29973,-29975,-29974,-29975,-29976,-29976,-29977,-29978,-29979,-29979,-29979,-29978,-29979]} 1. Nf3 Nf6 2. c4 g6 3. Nc3 Bg7 4. d4 O-O 5. e4 d6 6. Be2 e5 7. O-O Nc6 8. dxe5 dxe5 9. Bg5 Qxd1 10. Rfxd1 Bg4 11. h3 Bxf3 {E97: Königsindisch (Klassisches System)} 12. Bxf3 Nd4 13. Nd5 Nxd5 14. cxd5 f5 (14... c6 15. Rac1 cxd5 16. exd5 e4 17. Be3 exf3 18. Bxd4 Bxd4 19. Rxd4 {1-0 (77) Ragger,M (2695)-Saric,I (2678) Germany 2016 CBM 172 [Besenthal,K]}) 15. Rac1 Rf7 {LiveBook: 7 Partien} 16. Kf1 Nxf3 17. gxf3 Bf8 18. Be3 Bd6 19. Rd3 {[#]} Kg7 $146 ({Vorgänger:} 19... b6 20. Ke2 Kf8 21. a4 {½-½ (22) Cvitan,O (2487)-Nevednichy,V (2528) Mali Losinj 2017}) 20. Rb3 b6 21. Rc6 Rd8 22. Ke2 Rdd7 23. Rbc3 a5 24. Rc1 Kf6 25. a3 Kg7 26. Bd2 Rf6 27. Bg5 Rf8 {[#] Weiss muss nun ...f4 beachten.} 28. Bd2 Rf6 29. Bg5 Rf8 {Und weiter mit ...f4 wäre nett.} 30. Be3 Rff7 31. Rb1 Rf6 32. b4 axb4 33. axb4 Rf8 34. Rb2 (34. Ra1 $11) 34... Ra8 $15 35. Bd2 Kf6 ({Besser ist} 35... Ra3 $15) 36. Rcc2 $11 Ra1 37. Rc1 (37. b5 $11) 37... Rxc1 $17 38. Bxc1 {[%mdl 4096] Endspiel [#] KTL-KTL} Rd8 $1 39. Rb3 Ra8 40. exf5 (40. Bb2 $17 {war einen Versuch wert.}) 40... Kxf5 $19 41. Ba3 b5 42. Ke3 Ra4 43. Rc3 Ra6 44. Rd3 c6 45. Bc1 (45. dxc6 $17 Rxc6 46. Kd2) 45... Bxb4 46. Bd2 Bxd2+ 47. Kxd2 $2 (47. Rxd2 {war erzwungen.} cxd5 48. Rxd5) 47... cxd5 48. Rxd5 {KT-KT} Rb6 49. Rd7 h5 50. Kc3 b4+ 51. Kb3 Rc6 52. Kxb4 Rc2 53. Rf7+ Kg5 54. Re7 Rxf2 55. Rxe5+ Kh4 56. Re6 g5 57. Rf6 Kxh3 58. Rf5 Kh4 59. Kc3 Re2 60. Kd3 Re8 61. Kd2 g4 {Schwarz setzt Matt.} 62. fxg4 hxg4 63. Rf1 Kh3 64. Rh1+ Kg2 65. Rh7 g3 {[%cal Bg4g3,Bg3g2][%mdl 32]} 66. Rh6 Kg1 67. Rh7 g2 68. Rh6 Re5 {Precision: Weiß = 33%, Schwarz = 76%.} 0-1